Diario (Record no. 148431)

MARC details
000 -CABECERA
campo de control de longitud fija 00760cam a22002414a 4500
003 - IDENTIFICADOR DEL NÚMERO DE CONTROL
campo de control UPN
005 - FECHA Y HORA DE LA ÚLTIMA TRANSACCIÓN
campo de control 20220622101629.0
008 - ELEMENTOS DE LONGITUD FIJA--INFORMACIÓN GENERAL
campo de control de longitud fija 100603s1994 es r 000 1 spa d
020 ## - NÚMERO INTERNACIONAL NORMALIZADO PARA LIBROS
Número Internacional Estándar del Libro 8487265618
035 ## - NÚMERO DE CONTROL DEL SISTEMA
Número de control de sistema UPN01000176328
040 ## - FUENTE DE LA CATALOGACIÓN
Centro catalogador/agencia de origen UPN
Lengua de catalogación spa
Centro/agencia transcriptor UPN
049 ## - COLECCIÓN
Colección CG
050 #4 - SIGNATURA TOPOGRÁFICA DE LA BIBLIOTECA DEL CONGRESO
Número de clasificación PR9639.3 M2.58
Número de documento/Ítem D5.3
100 1# - ASIENTO PRINCIPAL--NOMBRE PERSONAL
Nombre de persona Mansfield, Katherine,
Fechas asociadas al nombre 1888-1923
9 (RLIN) 30479
245 10 - MENCIÓN DE TÍTULO
Título Diario
Resto del título : 1910-1922 /
Mención de responsabilidad, etc. Katherine Mansfield ; introducción John Middleton Murry ; tr. Ester de Andreis.
260 ## - PUBLICACIÓN, DISTRIBUCIÓN, ETC.
Lugar de publicación, distribución, etc. Barcelona, Esp. :
Nombre del editor, distribuidor, etc. Parsifal,
Fecha de publicación, distribución, etc. 1994.
300 ## - DESCRIPCIÓN FÍSICA
Extensión 199 p.
490 0# - MENCIÓN DE SERIE
Mención de serie Figuras ;
Designación de volumen o secuencia 31
534 ## - NOTA SOBRE LA VERSIÓN ORIGINAL
Frase introductoria Título original:
Mención de título del original Journal of Katherine Mansfield
600 14 - ASIENTO SECUNDARIO DE MATERIA - NOMBRE PERSONAL
Nombre de persona Mansfield, Katherine,
Fechas asociadas al nombre 1888-1923
Subdivisión de forma Diarios
9 (RLIN) 17519
905 ## - TIPO DE MATERIAL
Tipo de material Libro
942 ## - ELEMENTOS DE PUNTO DE ACCESO ADICIONAL (KOHA)
Fuente del sistema de clasificación o colocación Library of Congress Classification
Tipo de ítem Koha Libro
Holdings
Estado de retiro Estado de pérdida Fuente del sistema de clasificación o colocación Estado dañado No para préstamo Código de colección Localización permanente Ubicación/localización actual Ubicación en estantería Total de préstamos Clasificación Código de barras Fecha visto por última vez Tipo de ítem Koha Fecha de adquisición Número de copia Precio válido a partir de
    Library of Congress Classification     Colección General Bib. Gregorio Torres Quintero Bib. Gregorio Torres Quintero Planta baja   PR9639.3 M2.58 D5.3 273260 31/12/2020 Libro      
    Library of Congress Classification     Colección General Bib. Gregorio Torres Quintero Bib. Gregorio Torres Quintero Planta baja   PR9639.3 M2.58 D5.3 AP331 23/06/2022 Libro 23/06/2022 Ej.2 23/06/2022